ՀՀ Գիտությունների ազգային ակադեմիայի հիմնարար գիտական գրադարան  =   Fundamental Scientific Library of NAS RA

Руководство по биометрии / (Record no. 216784)

MARC details
000 -LEADER
fixed length control field 01086nam a2200277 u 4500
001 - CONTROL NUMBER
control field 000558397
003 - CONTROL NUMBER IDENTIFIER
control field AM-YeHGA
005 - DATE AND TIME OF LATEST TRANSACTION
control field 20250617140252.0
008 - FIXED-LENGTH DATA ELEMENTS--GENERAL INFORMATION
fixed length control field 071122s2007 r 000 0 rus d
020 ## - INTERNATIONAL STANDARD BOOK NUMBER
International Standard Book Number 9785948361093
020 ## - INTERNATIONAL STANDARD BOOK NUMBER
International Standard Book Number 0-387-40089-3 (англ.)
040 ## - CATALOGING SOURCE
Original cataloging agency AM-YeHGA
041 1# - LANGUAGE CODE
Language code of text/sound track or separate title rus
Language code of original eng
090 ## - LOCALLY ASSIGNED LC-TYPE CALL NUMBER (OCLC); LOCAL CALL NUMBER (RLIN)
-- 218308
245 00 - TITLE STATEMENT
Title Руководство по биометрии /
Statement of responsibility, etc. Р.М.Болл, Дж.Х. Коннел, Ш. Панканти и др. ; Пер. с англ. Н.Е. Агаповой.
260 ## - PUBLICATION, DISTRIBUTION, ETC.
Place of publication, distribution, etc. Москва :
Name of publisher, distributor, etc. Техносфера,
Date of publication, distribution, etc. 2007.
300 ## - PHYSICAL DESCRIPTION
Extent 368 с. :
Other physical details ил.
440 #0 - SERIES STATEMENT/ADDED ENTRY--TITLE
Title Мир цифровой обработки
504 ## - BIBLIOGRAPHY, ETC. NOTE
Bibliography, etc. note Список лит. с. 352-367
534 ## - ORIGINAL VERSION NOTE
Introductory phrase Оригинал на англ. :
Title statement of original Guide to Biometrics /
Main entry of original Ruud M. Bolle, Jonathan H. Connell, Sharath Pankanti -
Publication, distribution, etc. of original Springer-Verlag : 2004
650 14 - SUBJECT ADDED ENTRY--TOPICAL TERM
Topical term or geographic name entry element Биометрия
700 1# - ADDED ENTRY--PERSONAL NAME
Personal name Болл, Руд М.
700 1# - ADDED ENTRY--PERSONAL NAME
Personal name Коннел, Джонатан Х.
700 1# - ADDED ENTRY--PERSONAL NAME
Personal name Панканти, Шарат
700 1# - ADDED ENTRY--PERSONAL NAME
Personal name Агапова, Н.Е.
Relator term пер.
Relationship trl
Holdings
Withdrawn status Lost status Damaged status Not for loan Collection Home library Current library Date acquired Total checkouts Full call number Barcode Date last seen Price effective from Koha item type Public note Shelving control number
        General Fundamental Scientific Library Fundamental Scientific Library 28/12/2016   PII/653045 FL0033962 28/12/2016 28/12/2016 Գրքեր / Books 30 Days Loan  
        General Fundamental Scientific Library Fundamental Scientific Library 28/12/2016   PII/653046 FL0033969 28/12/2016 28/12/2016 Գրքեր / Books 30 Days Loan  
        General Fundamental Scientific Library Fundamental Scientific Library 28/12/2016   PII/654676 FL0130707 28/12/2016 28/12/2016 Գրքեր / Books 30 Days Loan  


ՀՀ ԳԱԱ հիմնարար գիտական գրադարան
ՀՀ,Երևան 0019
Մարշալ Բաղրամյան 24/6
հեռախոս:(374-10) 52-47-50
Հետադարձ կապ

All site content, except where otherwise noted, is licensed under a
Creative Commons License